Everyday electronics data book (Record no. 180486)

000 -LEADER
fixed length control field 00370nam a2200133Ia 4500
008 - FIXED-LENGTH DATA ELEMENTS--GENERAL INFORMATION
fixed length control field 220217s9999||||xx |||||||||||||| ||und||
020 ## - INTERNATIONAL STANDARD BOOK NUMBER
International Standard Book Number 81-7656-791-4
082 ## - DEWEY DECIMAL CLASSIFICATION NUMBER
Classification number 621.381 01 TOO
100 ## - MAIN ENTRY--PERSONAL NAME
Personal name Tooley, Mike, B.A
9 (RLIN) 7067
245 #0 - TITLE STATEMENT
Title Everyday electronics data book
260 ## - PUBLICATION, DISTRIBUTION, ETC.
Place of publication, distribution, etc. BPB publications
Name of publisher, distributor, etc. New Delhi
Date of publication, distribution, etc. 2009
300 ## - PHYSICAL DESCRIPTION
Extent 250p.
Other physical details 99
650 ## - SUBJECT ADDED ENTRY--TOPICAL TERM
Topical term or geographic name entry element ELECTRONICS
Holdings
Withdrawn status Lost status Damaged status Not for loan Collection code Home library Current library Shelving location Date acquired Full call number Barcode Date last seen Price effective from Koha item type
        Computer Science and Engineering Central Library Central Library Reference 02/18/2022 621.381 01 TOO 15675 02/18/2022 02/18/2022 Books

Powered by Koha